| 000 | 00785cam a2200217 a 4500 | ||
|---|---|---|---|
| 001 | 000006290 | ||
| 005 | 20200929153918.0 | ||
| 008 | 980804s1996 es 000 0 spa | ||
| 040 |
_aDO-SdBNP _cDLC |
||
| 082 |
_aS868.6 _bA495c |
||
| 100 | 1 |
_aAmbrogi, Arturo, _d1874-1936. _917568 |
|
| 245 | 1 | 0 |
_aCrónicas / _cArturo Ambrogi. |
| 260 |
_aSan Salvador : _bConsejo Nacional para la Cultura y el Arte (Concultura), _c1996. |
||
| 300 |
_a126 p. ; _c22 cm. |
||
| 490 | 1 |
_aBiblioteca Básica de Literatura Salvadoreña _vv. 3 |
|
| 650 | 4 |
_aCrónicas salvadoreñas _917569 |
|
| 650 | 4 |
_aLiteratura salvadoreña _92929 |
|
| 651 | 4 |
_aEl Salvador _xVida Social Y Costumbres _917570 |
|
| 830 | 0 |
_aBiblioteca Básica de Literatura Salvadoreña; _vv. 3 _98991 |
|
| 910 | _aCatalogación por copia / LC | ||
| 999 |
_c6085 _d6085 |
||